Asom year book 2025/ (Record no. 12168)

MARC details
000 -LEADER
fixed length control field 00668nam a22002297a 4500
005 - DATE AND TIME OF LATEST TRANSACTION
control field 20250311074016.0
008 - FIXED-LENGTH DATA ELEMENTS--GENERAL INFORMATION
fixed length control field 250311b |||||||| |||| 00| 0 eng d
040 ## - CATALOGING SOURCE
Original cataloging agency IN-DiNC
Transcribing agency IN-DiNC
041 ## - LANGUAGE CODE
Language code of sung or spoken text Assamese
082 ## - DEWEY DECIMAL CLASSIFICATION NUMBER
Classification number 030.954162
Item number ASO
245 ## - TITLE STATEMENT
Title Asom year book 2025/
Statement of responsibility, etc. ed. by Sajidur Rohman and others
250 ## - EDITION STATEMENT
Edition statement 7th rev. ed.
260 ## - PUBLICATION, DISTRIBUTION, ETC.
Place of publication, distribution, etc. Guwahati:
Name of publisher, distributor, etc. Ashok publication,
Date of publication, distribution, etc. 2025.
300 ## - PHYSICAL DESCRIPTION
Extent 860p.
650 ## - SUBJECT ADDED ENTRY--TOPICAL TERM
Topical term or geographic name entry element Assam year book 2025
700 ## - ADDED ENTRY--PERSONAL NAME
Personal name Rohman, Sajidur
Relator term Editor
700 ## - ADDED ENTRY--PERSONAL NAME
Personal name Rohman, Musfika
Relator term Editor
700 ## - ADDED ENTRY--PERSONAL NAME
Personal name Sharma, Achintya
Relator term Editor
700 ## - ADDED ENTRY--PERSONAL NAME
Personal name Debnath, Arabinda
Relator term Editor
700 ## - ADDED ENTRY--PERSONAL NAME
Personal name Hazarika, Jyoti Prasad
Relator term Editor
942 ## - ADDED ENTRY ELEMENTS (KOHA)
Source of classification or shelving scheme Dewey Decimal Classification
Koha item type Books
Holdings
Withdrawn status Lost status Source of classification or shelving scheme Damaged status Not for loan Collection code Home library Current library Shelving location Date acquired Cost, normal purchase price Total Checkouts Full call number Barcode Date due Date last seen Date last checked out Copy number Price effective from Koha item type
    Dewey Decimal Classification     General Collection Central Library, Naharkatiya College Central Library, Naharkatiya College General Stacks 11/03/2025 550.00 8 030.954162 ASO 30733 15/05/2026 27/04/2026 27/04/2026 1 11/03/2025 Books

Naharkatiya College © 2020. All rights reserved.

Powered By